Tilastot visalle Valtiot, joissa sataa vähiten

Klikkaa tästä pelataksesi tätä visaa!

Yleistilastot

  • Tätä visaa on pelattu 462 kertaa
  • Keskiarvotulos 14 / 20

Vastaustilastot

sademäärävaltio% Oikein
2,5 cmEgypti
90%
9,1 cmAlgeria
84%
10,2 cmSaudi-Arabia
84%
4,4 cmLibya
83%
22,7 cmMarokko
81%
17,1 cmJemen
79%
5,5 cmOman
79%
20,9 cmIrak
77%
22,0 cmIran
77%
7,2 cmQatar
73%
6,2 cmYhdistyneet arabiemiirikunnat
72%
16,8 cmNiger
71%
12,4 cmKuwait
68%
10,7 cmMauritania
66%
8,9 cmBahrain
64%
10,8 cmJordania
64%
24,1 cmMongolia
54%
23,0 cmUzbekistan
46%
14,7 cmTurkmenistan
45%
20,0 cmDjibouti
41%

Tulosjakauma

Persentiili vastausten määrän mukaan

Jokaisen tuloksen saaneiden osuus

Tuloshistoriasi

Et ole pelannut tätä visaa